Titled People Quiz #2 - Statistics

General Stats
  • This quiz has been taken 26,788 times
    20,023 since last reset
  • The average score is 14 of 24
Answer Stats
Person % Correct
{King} Henry VIII
99%
{Queen} Victoria
95%
{Princess} Leia
91%
{Dr}. Strangelove
87%
{Lord} Byron
85%
{Mr}. Miyagi
80%
{Sir} Galahad
80%
{Duke} Ellington
78%
{Captain} Picard
73%
{Mahatma} Gandhi
66%
{Lady} Chatterley
65%
{Pope} Innocent III
63%
{Friar} Tuck
52%
{Ayatollah} Khomeini
49%
{Dame} Edna
48%
{Admiral} Ackbar
47%
{Professor} Moriarty
47%
{Miss} Manners
45%
{Master} Splinter
38%
{Baron} Rothschild
30%
{Saint} Ignatius
30%
{Commissioner} Gordon
26%
{Superintendent} Chalmers
23%
{Rabbi} Hillel
11%
No matching quizzes found
Score Distribution
Percent of People with Each Score
Percentile by Number Answered
Your Score History
You have not taken this quiz since the last reset